[Event "8th Vellmar Chess Days"]
[Site "chess24.com"]
[Date "2016.07.30"]
[Round "4"]
[White "Hofschlag, Dirk"]
[Black "Marzec, Witold"]
[Result "0-1"]
[Board "54"]
[WhiteElo "1736"]
[WhiteTeam "SK Bad Lippspringe"]
[WhiteCountry "GER"]
[WhiteFideId "12974609"]
[WhiteEloChange "-9"]
[BlackElo "1777"]
[BlackTeam "vereinslos"]
[BlackCountry "GER"]
[BlackFideId "1270680"]
[BlackEloChange "9"]

1. b3 {[%clk 1:30:30]} Nf6 {[%clk 1:30:30]} 2. Ba3 {[%clk 1:30:30]} g6 {[%clk
1:30:30]} 3. e3 {[%clk 1:30:30]} Bg7 {[%clk 1:30:30]} 4. Nc3 {[%clk 1:30:30]} O-O
{[%clk 1:30:30]} 5. Rb1 {[%clk 1:30:30]} Re8 {[%clk 1:30:30]} 6. Nce2 {[%clk
1:30:30]} e5 {[%clk 1:30:30]} 7. Ng3 {[%clk 1:30:30]} b6 {[%clk 1:30:30]} 8. c4
{[%clk 1:30:30]} c5 {[%clk 1:30:30]} 9. e4 {[%clk 1:30:30]} Bb7 {[%clk 1:30:30]}
10. d3 {[%clk 1:30:30]} Nc6 {[%clk 1:30:30]} 11. N3e2 {[%clk 1:30:30]} d6 {[%clk
1:30:30]} 12. Nf3 {[%clk 1:30:30]} Nd4 {[%clk 1:30:30]} 13. Nc3 {[%clk 1:30:30]}
a6 {[%clk 1:30:30]} 14. Bc1 {[%clk 1:30:30]} b5 {[%clk 1:30:30]} 15. Bg5 {[%clk
1:30:30]} b4 {[%clk 1:30:30]} 16. Nd5 {[%clk 1:30:30]} Bxd5 {[%clk 1:30:30]} 17.
cxd5 {[%clk 1:30:30]} Qd7 {[%clk 1:30:30]} 18. Be2 {[%clk 1:30:30]} a5 {[%clk
1:30:30]} 19. Nxd4 {[%clk 1:30:30]} exd4 {[%clk 1:30:30]} 20. O-O {[%clk
1:30:30]} a4 {[%clk 1:30:30]} 21. Qc2 {[%clk 1:30:30]} Ra7 {[%clk 1:30:30]} 22.
Rb2 {[%clk 1:30:30]} h6 {[%clk 1:30:30]} 23. Bd2 {[%clk 1:30:30]} Nxd5 {[%clk
1:30:30]} 24. Bxh6 {[%clk 1:30:30]} Nc3 {[%clk 1:30:30]} 25. Qd2 {[%clk 1:30:30]}
axb3 {[%clk 1:30:30]} 26. axb3 {[%clk 1:30:30]} Rea8 {[%clk 1:30:30]} 27. Bxg7
{[%clk 1:30:30]} Kxg7 {[%clk 1:30:30]} 28. h3 {[%clk 1:30:30]} Ra2 {[%clk
1:30:30]} 29. Bg4 {[%clk 1:30:30]} Qe7 {[%clk 1:30:30]} 30. Rxa2 {[%clk 1:30:30]}
Rxa2 {[%clk 1:30:30]} 31. Qc1 {[%clk 1:30:30]} f6 {[%clk 1:30:30]} 32. h4 {[%clk
1:30:30]} Ra3 {[%clk 1:30:30]} 33. f4 {[%clk 1:30:30]} Rxb3 {[%clk 1:30:30]} 34.
Qc2 {[%clk 1:30:30]} Ra3 {[%clk 1:30:30]} 35. f5 {[%clk 1:30:30]} Ra2 {[%clk
1:30:30]} 36. Qb3 {[%clk 1:30:30]} Qf7 {[%clk 1:30:30]} 37. Bd1 {[%clk 1:30:30]}
Qxb3 {[%clk 1:30:30]} 38. Bxb3 {[%clk 1:30:30]} Rb2 {[%clk 1:30:30]} 39. Bc4
{[%clk 1:30:30]} Rb1 {[%clk 1:30:30]} 40. fxg6 {[%clk 1:30:30]} Rxf1+ {[%clk
1:30:30]} 41. Kxf1 {[%clk 1:30:30]} Kxg6 {[%clk 1:30:30]} 42. Bb3 {[%clk
1:30:30]} Nb5 {[%clk 1:30:30]} 43. Kf2 {[%clk 1:30:30]} Na7 {[%clk 1:30:30]} 44.
Ba4 {[%clk 1:30:30]} Nc8 {[%clk 1:30:30]} 45. Kg3 {[%clk 1:30:30]} Nb6 {[%clk
1:30:30]} 46. Bd1 {[%clk 1:30:30]} Nd7 {[%clk 1:30:30]} 47. Kf2 {[%clk 1:30:30]}
Ne5 {[%clk 1:30:30]} 48. Bc2 {[%clk 1:30:30]} Ng4+ {[%clk 1:30:30]} 49. Kg3
{[%clk 1:30:30]} Ne3 {[%clk 1:30:30]} 50. Bb3 {[%clk 1:30:30]} Nf1+ {[%clk
1:30:30]} 51. Kf4 {[%clk 1:30:30]} Nd2 {[%clk 1:30:30]} 52. Bd1 {[%clk 1:30:30]}
b3 {[%clk 1:30:30]} 53. h5+ {[%clk 1:30:30]} Kg7 {[%clk 1:30:30]} 54. Kf5 {[%clk
1:30:30]} b2 {[%clk 1:30:30]} 55. Bc2 {[%clk 1:30:30]} b1Q {[%clk 1:30:30]} 56.
Bxb1 {[%clk 1:30:30]} Nxb1 {[%clk 1:30:30]} 57. h6+ {[%clk 1:30:30]} Kxh6 {[%clk
1:30:30]} 58. Kxf6 {[%clk 1:30:30]} c4 {[%clk 1:30:30]} 59. e5 {[%clk 1:30:30]}
dxe5 {[%clk 1:30:30]} 60. dxc4 {[%clk 1:30:30]} d3 {[%clk 1:30:30]} 0-1

[Event "8th Vellmar Chess Days"]
[Site "chess24.com"]
[Date "2016.07.30"]
[Round "5"]
[White "Meijers, Viesturs"]
[Black "George, Tom"]
[Result "1-0"]
[Board "1"]
[WhiteElo "2446"]
[WhiteTitle "GM"]
[WhiteCountry "LAT"]
[WhiteFideId "11600314"]
[WhiteEloChange "1"]
[BlackElo "2044"]
[BlackCountry "GER"]
[BlackFideId "24659487"]
[BlackEloChange "-2"]

1. d4 {[%clk 1:30:58]} d5 {[%clk 1:22:30]} 2. Nf3 {[%clk 1:31:12]} Nf6 {[%clk
1:22:50]} 3. g3 {[%clk 1:31:21]} e6 {[%clk 1:22:58]} 4. Bg2 {[%clk 1:31:45]} Be7
{[%clk 1:23:25]} 5. O-O {[%clk 1:32:07]} O-O {[%clk 1:23:52]} 6. c4 {[%clk
1:31:59]} dxc4 {[%clk 1:23:57]} 7. Nbd2 {[%clk 1:32:01]} c5 {[%clk 1:20:23]} 8.
Nxc4 {[%clk 1:31:53]} Nc6 {[%clk 1:20:13]} 9. dxc5 {[%clk 1:31:58]} Bxc5 {[%clk
1:19:24]} 10. a3 {[%clk 1:32:21]} a6 {[%clk 1:15:42]} 11. b4 {[%clk 1:31:43]} Ba7
{[%clk 1:13:35]} 12. Bb2 {[%clk 1:28:40]} Nd5 {[%clk 1:11:53]} 13. Rc1 {[%clk
1:19:55]} f6 {[%clk 1:09:15]} 14. e4 {[%clk 1:14:42]} Nb6 {[%clk 1:08:26]} 15.
Nd6 {[%clk 1:14:53]} Qe7 {[%clk 1:06:01]} 16. Nxc8 {[%clk 1:12:12]} Raxc8 {[%clk
1:06:06]} 17. Qb3 {[%clk 1:12:36]} Qf7 {[%clk 1:01:43]} 18. Nd4 {[%clk 0:59:40]}
Nxd4 {[%clk 0:58:15]} 19. Bxd4 {[%clk 0:59:22]} Rxc1 {[%clk 0:53:24]} 20. Rxc1
{[%clk 0:59:02]} Nc8 {[%clk 0:53:50]} 21. Bh3 {[%clk 0:55:31]} f5 {[%clk
0:51:31]} 22. Be5 {[%clk 0:50:12]} Ne7 {[%clk 0:45:32]} 23. exf5 {[%clk 0:50:01]}
exf5 {[%clk 0:43:38]} 24. Qxf7+ {[%clk 0:48:54]} Kxf7 {[%clk 0:42:19]} 25. Bg2
{[%clk 0:47:51]} b6 {[%clk 0:39:50]} 26. Bc7 {[%clk 0:46:01]} h6 {[%clk 0:27:48]}
27. Bb7 {[%clk 0:45:43]} a5 {[%clk 0:25:13]} 28. bxa5 {[%clk 0:45:16]} bxa5
{[%clk 0:25:41]} 29. Bxa5 {[%clk 0:45:25]} Rb8 {[%clk 0:26:06]} 30. Rb1 {[%clk
0:44:43]} 1-0

[Event "8th Vellmar Chess Days"]
[Site "chess24.com"]
[Date "2016.07.30"]
[Round "5"]
[White "Heimsoth, Sven-Holger"]
[Black "Rafiee, Makan"]
[Result "0-1"]
[Board "2"]
[WhiteElo "2157"]
[WhiteCountry "GER"]
[WhiteFideId "4651243"]
[WhiteEloChange "-6"]
[BlackElo "2318"]
[BlackTitle "FM"]
[BlackCountry "GER"]
[BlackFideId "24609340"]
[BlackEloChange "6"]

1. Nf3 {[%clk 1:30:51]} Nf6 {[%clk 1:30:49]} 2. g3 {[%clk 1:31:06]} c5 {[%clk
1:31:12]} 3. c3 {[%clk 1:29:53]} b6 {[%clk 1:24:08]} 4. d4 {[%clk 1:27:07]} Bb7
{[%clk 1:24:03]} 5. Bg2 {[%clk 1:27:18]} e6 {[%clk 1:24:08]} 6. O-O {[%clk
1:27:28]} Be7 {[%clk 1:24:21]} 7. dxc5 {[%clk 1:24:45]} bxc5 {[%clk 1:24:14]} 8.
Qb3 {[%clk 1:11:45]} Qc8 {[%clk 1:23:41]} 9. c4 {[%clk 1:06:55]} O-O {[%clk
1:16:17]} 10. Nc3 {[%clk 0:55:26]} Rd8 {[%clk 1:12:38]} 11. Bf4 {[%clk 0:47:03]}
Nc6 {[%clk 1:00:46]} 12. Ne5 {[%clk 0:42:52]} d6 {[%clk 1:00:06]} 13. Nxc6 {[%clk
0:43:01]} Bxc6 {[%clk 1:00:27]} 14. e4 {[%clk 0:41:57]} Rb8 {[%clk 0:55:53]} 15.
Qc2 {[%clk 0:42:18]} Qb7 {[%clk 0:53:07]} 16. b3 {[%clk 0:41:43]} Ne8 {[%clk
0:49:17]} 17. Rfe1 {[%clk 0:35:12]} Bf6 {[%clk 0:48:51]} 18. Rad1 {[%clk
0:34:47]} a5 {[%clk 0:39:08]} 19. Rd3 {[%clk 0:28:02]} Bd4 {[%clk 0:35:57]} 20.
Bg5 {[%clk 0:26:14]} Rd7 {[%clk 0:35:30]} 21. Bd2 {[%clk 0:21:26]} f5 {[%clk
0:25:12]} 22. Kf1 {[%clk 0:17:33]} Bxc3 {[%clk 0:24:21]} 23. Bxc3 {[%clk
0:17:31]} fxe4 {[%clk 0:24:00]} 24. Rd2 {[%clk 0:17:35]} d5 {[%clk 0:23:51]} 25.
Bxa5 {[%clk 0:17:53]} Nf6 {[%clk 0:23:43]} 26. cxd5 {[%clk 0:15:00]} Qa6+ {[%clk
0:23:59]} 0-1

[Event "8th Vellmar Chess Days"]
[Site "chess24.com"]
[Date "2016.07.30"]
[Round "5"]
[White "Viebahn, Dirk"]
[Black "Humburg, Philipp"]
[Result "0-1"]
[Board "3"]
[WhiteElo "2155"]
[WhiteCountry "GER"]
[WhiteFideId "4660790"]
[WhiteEloChange "-9"]
[BlackElo "2201"]
[BlackCountry "GER"]
[BlackFideId "24656151"]
[BlackEloChange "9"]

1. e4 {[%clk 1:30:54]} d5 {[%clk 1:30:51]} 2. exd5 {[%clk 1:31:05]} Qxd5 {[%clk
1:31:11]} 3. Nc3 {[%clk 1:31:17]} Qa5 {[%clk 1:31:27]} 4. d4 {[%clk 1:31:01]} Nf6
{[%clk 1:31:48]} 5. Bc4 {[%clk 1:28:43]} c6 {[%clk 1:31:55]} 6. Qe2 {[%clk
1:27:20]} Bf5 {[%clk 1:30:16]} 7. Nf3 {[%clk 1:23:47]} e6 {[%clk 1:27:40]} 8. O-O
{[%clk 1:19:40]} Be7 {[%clk 1:25:13]} 9. Bd2 {[%clk 1:13:26]} Qc7 {[%clk
1:24:56]} 10. Ne5 {[%clk 1:13:05]} O-O {[%clk 1:14:51]} 11. Bf4 {[%clk 1:05:20]}
Qb6 {[%clk 1:12:36]} 12. Bb3 {[%clk 0:47:00]} Qxd4 {[%clk 1:11:24]} 13. Bg5
{[%clk 0:46:48]} Nbd7 {[%clk 1:07:43]} 14. Nxd7 {[%clk 0:37:46]} Qxd7 {[%clk
1:06:58]} 15. Rad1 {[%clk 0:33:57]} Qc7 {[%clk 1:06:37]} 16. h3 {[%clk 0:33:11]}
Rad8 {[%clk 1:02:52]} 17. Qe3 {[%clk 0:31:49]} b6 {[%clk 1:00:48]} 18. Bf4 {[%clk
0:31:53]} Bd6 {[%clk 0:59:20]} 19. Bg5 {[%clk 0:23:45]} Be7 {[%clk 0:55:30]} 20.
Bf4 {[%clk 0:23:53]} Qb7 {[%clk 0:55:38]} 21. g4 {[%clk 0:22:04]} Bg6 {[%clk
0:55:40]} 22. Qg3 {[%clk 0:20:25]} c5 {[%clk 0:53:41]} 23. h4 {[%clk 0:18:32]} h5
{[%clk 0:52:04]} 24. g5 {[%clk 0:16:09]} Ne4 {[%clk 0:50:18]} 25. Nxe4 {[%clk
0:16:26]} Qxe4 {[%clk 0:48:14]} 26. Rde1 {[%clk 0:13:51]} Qc6 {[%clk 0:47:09]}
27. Qc3 {[%clk 0:12:52]} Rd4 {[%clk 0:46:45]} 28. Bg3 {[%clk 0:11:24]} Rfd8
{[%clk 0:44:40]} 29. Re3 {[%clk 0:05:12]} c4 {[%clk 0:42:56]} 30. a3 {[%clk
0:05:23]} b5 {[%clk 0:42:36]} 31. Ba2 {[%clk 0:05:43]} Bc5 {[%clk 0:41:56]} 32.
b3 {[%clk 0:03:47]} Rg4 {[%clk 0:41:44]} 33. bxc4 {[%clk 0:02:51]} bxc4 {[%clk
0:41:13]} 34. Kh2 {[%clk 0:02:21]} Bxe3 {[%clk 0:38:56]} 35. fxe3 {[%clk
0:02:01]} Qd5 {[%clk 0:38:31]} 36. Rf2 {[%clk 0:02:00]} Be4 {[%clk 0:37:58]} 37.
Bxc4 {[%clk 0:01:36]} Qd1 {[%clk 0:36:42]} 38. Bf1 {[%clk 0:01:44]} Rxg3 {[%clk
0:36:43]} 39. Kxg3 {[%clk 0:01:19]} Qg4+ {[%clk 0:37:09]} 40. Kh2 {[%clk
0:01:39]} Qxh4+ {[%clk 0:37:36]} 0-1

[Event "8th Vellmar Chess Days"]
[Site "chess24.com"]
[Date "2016.07.30"]
[Round "5"]
[White "Jensen, Jacob Bjerre"]
[Black "Braun, Ingram"]
[Result "1-0"]
[Board "4"]
[WhiteElo "2172"]
[WhiteCountry "DEN"]
[WhiteFideId "1401513"]
[WhiteEloChange "5"]
[BlackElo "1987"]
[BlackCountry "GER"]
[BlackFideId "24657816"]
[BlackEloChange "-5"]

1. d4 {[%clk 1:30:58]} c5 {[%clk 1:30:55]} 2. d5 {[%clk 1:31:14]} d6 {[%clk
1:31:19]} 3. c4 {[%clk 1:31:24]} g6 {[%clk 1:31:17]} 4. e4 {[%clk 1:31:35]} Bg7
{[%clk 1:31:42]} 5. Nc3 {[%clk 1:31:57]} e6 {[%clk 1:31:53]} 6. Bd3 {[%clk
1:31:53]} Ne7 {[%clk 1:31:58]} 7. Nf3 {[%clk 1:30:18]} exd5 {[%clk 1:30:51]} 8.
exd5 {[%clk 1:27:25]} O-O {[%clk 1:29:59]} 9. h3 {[%clk 1:26:49]} Bf5 {[%clk
1:26:55]} 10. O-O {[%clk 1:26:22]} Bxd3 {[%clk 1:17:37]} 11. Qxd3 {[%clk
1:26:40]} Nd7 {[%clk 1:07:43]} 12. Ne4 {[%clk 1:18:35]} Ne5 {[%clk 1:06:11]} 13.
Nxe5 {[%clk 1:18:32]} Bxe5 {[%clk 1:06:38]} 14. Bh6 {[%clk 1:17:57]} Re8 {[%clk
1:00:16]} 15. Bg5 {[%clk 1:18:05]} Kg7 {[%clk 0:57:45]} 16. Bf6+ {[%clk 1:05:02]}
Bxf6 {[%clk 0:25:17]} 17. Nxf6 {[%clk 1:05:26]} Kxf6 {[%clk 0:16:40]} 18. Qc3+
{[%clk 1:05:21]} Kg5 {[%clk 0:16:45]} 19. Qe3+ {[%clk 1:04:45]} Kf6 {[%clk
0:16:48]} 20. Qc3+ {[%clk 1:05:12]} Kg5 {[%clk 0:17:16]} 21. Qg7 {[%clk 0:43:42]}
Rh8 {[%clk 0:04:00]} 22. f4+ {[%clk 0:43:47]} Kh5 {[%clk 0:04:19]} 23. g4+ {[%clk
0:43:50]} Kh4 {[%clk 0:04:39]} 24. Qh6+ {[%clk 0:43:48]} Kg3 {[%clk 0:05:01]} 25.
a4 {[%clk 0:43:08]} 1-0

[Event "8th Vellmar Chess Days"]
[Site "chess24.com"]
[Date "2016.07.30"]
[Round "5"]
[White "Pallas, Sebastian"]
[Black "Gorzinski, Dariusz"]
[Result "1-0"]
[Board "5"]
[WhiteElo "2204"]
[WhiteCountry "GER"]
[WhiteFideId "12905453"]
[WhiteEloChange "6"]
[BlackElo "2047"]
[BlackCountry "GER"]
[BlackFideId "1271836"]
[BlackEloChange "-6"]

1. e4 {[%clk 1:30:54]} c6 {[%clk 1:30:58]} 2. d4 {[%clk 1:30:57]} d5 {[%clk
1:31:21]} 3. Nc3 {[%clk 1:31:20]} dxe4 {[%clk 1:31:35]} 4. Nxe4 {[%clk 1:31:38]}
Bf5 {[%clk 1:31:59]} 5. Ng3 {[%clk 1:31:44]} Bg6 {[%clk 1:32:26]} 6. h4 {[%clk
1:31:57]} h6 {[%clk 1:32:47]} 7. Nf3 {[%clk 1:31:36]} Nd7 {[%clk 1:33:05]} 8. h5
{[%clk 1:31:17]} Bh7 {[%clk 1:33:23]} 9. Bd3 {[%clk 1:31:12]} Bxd3 {[%clk
1:33:34]} 10. Qxd3 {[%clk 1:31:35]} e6 {[%clk 1:33:21]} 11. Bf4 {[%clk 1:30:59]}
Qa5+ {[%clk 1:32:48]} 12. Bd2 {[%clk 1:30:50]} Bb4 {[%clk 1:33:12]} 13. Ne4
{[%clk 1:29:07]} Ngf6 {[%clk 1:23:11]} 14. Nd6+ {[%clk 1:21:55]} Ke7 {[%clk
1:23:34]} 15. Nc4 {[%clk 1:20:00]} Bxd2+ {[%clk 1:15:58]} 16. Nfxd2 {[%clk
1:19:26]} Qc7 {[%clk 1:11:50]} 17. O-O-O {[%clk 1:17:10]} Rhd8 {[%clk 1:09:10]}
18. Kb1 {[%clk 1:09:37]} b5 {[%clk 1:06:31]} 19. Ne3 {[%clk 1:07:48]} a5 {[%clk
1:02:50]} 20. Nf3 {[%clk 1:04:49]} Nc5 {[%clk 0:50:39]} 21. Qe2 {[%clk 1:03:08]}
Nce4 {[%clk 0:48:52]} 22. Rh4 {[%clk 0:58:59]} a4 {[%clk 0:38:29]} 23. Ne5 {[%clk
0:37:51]} a3 {[%clk 0:32:12]} 24. f3 {[%clk 0:37:57]} Ng3 {[%clk 0:27:49]} 25.
Qe1 {[%clk 0:37:44]} Ngxh5 {[%clk 0:25:46]} 26. Qc3 {[%clk 0:31:46]} Rdc8 {[%clk
0:21:13]} 27. Qc5+ {[%clk 0:29:51]} Ke8 {[%clk 0:17:04]} 28. g4 {[%clk 0:28:40]}
axb2 {[%clk 0:12:45]} 29. gxh5 {[%clk 0:28:42]} Qa5 {[%clk 0:12:52]} 30. Kxb2
{[%clk 0:28:12]} Qxa2+ {[%clk 0:12:55]} 31. Kc1 {[%clk 0:28:31]} Nd5 {[%clk
0:07:39]} 32. Nxc6 {[%clk 0:12:59]} Qa3+ {[%clk 0:05:53]} 33. Qxa3 {[%clk
0:13:12]} Rxa3 {[%clk 0:06:20]} 34. Nxd5 {[%clk 0:13:25]} Rxc6 {[%clk 0:06:40]}
35. Nb4 {[%clk 0:13:07]} Rc4 {[%clk 0:04:43]} 36. Nd3 {[%clk 0:12:25]} Rac3
{[%clk 0:03:16]} 37. Rd2 {[%clk 0:12:29]} Ke7 {[%clk 0:02:21]} 38. Kb2 {[%clk
0:12:20]} f6 {[%clk 0:02:03]} 39. Rg4 {[%clk 0:12:15]} Kf8 {[%clk 0:01:59]} 40.
Rdg2 {[%clk 0:12:23]} e5 {[%clk 0:01:38]} 41. dxe5 {[%clk 0:12:19]} fxe5 {[%clk
0:01:37]} 42. Nxe5 {[%clk 0:12:22]} Rc7 {[%clk 0:30:57]} 43. Ng6+ {[%clk
0:42:01]} Ke8 {[%clk 0:30:38]} 44. Rf4 {[%clk 0:41:37]} R3c5 {[%clk 0:30:15]} 45.
Rd2 {[%clk 0:41:40]} 1-0

[Event "8th Vellmar Chess Days"]
[Site "chess24.com"]
[Date "2016.07.30"]
[Round "5"]
[White "Barath M"]
[Black "Heinelt, Manfred"]
[Result "1-0"]
[Board "6"]
[WhiteElo "2082"]
[WhiteCountry "IND"]
[WhiteFideId "25033450"]
[WhiteEloChange "13"]
[BlackElo "2175"]
[BlackCountry "GER"]
[BlackFideId "4656695"]
[BlackEloChange "-13"]

1. d4 {[%clk 1:30:57]} Nf6 {[%clk 1:30:47]} 2. c4 {[%clk 1:31:20]} c5 {[%clk
1:31:09]} 3. d5 {[%clk 1:31:46]} e6 {[%clk 1:31:26]} 4. Nc3 {[%clk 1:32:11]} exd5
{[%clk 1:31:49]} 5. cxd5 {[%clk 1:32:37]} d6 {[%clk 1:32:08]} 6. e4 {[%clk
1:32:57]} g6 {[%clk 1:32:32]} 7. f4 {[%clk 1:33:20]} Bg7 {[%clk 1:32:54]} 8. Bb5+
{[%clk 1:33:45]} Nfd7 {[%clk 1:33:14]} 9. a4 {[%clk 1:34:09]} O-O {[%clk
1:33:22]} 10. Nf3 {[%clk 1:34:34]} Nf6 {[%clk 1:31:48]} 11. O-O {[%clk 1:34:26]}
a6 {[%clk 1:32:06]} 12. Bd3 {[%clk 1:34:03]} Bg4 {[%clk 1:30:43]} 13. Be3 {[%clk
1:23:00]} Nbd7 {[%clk 1:29:12]} 14. h3 {[%clk 1:22:45]} Bxf3 {[%clk 1:28:06]} 15.
Qxf3 {[%clk 1:19:39]} Qc7 {[%clk 1:24:16]} 16. Rae1 {[%clk 1:12:02]} c4 {[%clk
1:18:29]} 17. Bb1 {[%clk 1:11:57]} Rae8 {[%clk 1:18:15]} 18. Bd4 {[%clk 0:57:28]}
Nh5 {[%clk 1:14:52]} 19. Bf2 {[%clk 0:54:29]} Nc5 {[%clk 1:10:30]} 20. g4 {[%clk
0:50:35]} Nf6 {[%clk 1:10:09]} 21. e5 {[%clk 0:30:47]} Nfd7 {[%clk 1:06:35]} 22.
g5 {[%clk 0:15:54]} dxe5 {[%clk 1:01:24]} 23. f5 {[%clk 0:16:04]} e4 {[%clk
1:01:16]} 24. Nxe4 {[%clk 0:16:16]} Nxe4 {[%clk 1:01:34]} 25. Bxe4 {[%clk
0:16:37]} Bxb2 {[%clk 1:00:12]} 26. h4 {[%clk 0:13:46]} Be5 {[%clk 0:47:36]} 27.
h5 {[%clk 0:11:50]} Bh2+ {[%clk 0:41:06]} 28. Kg2 {[%clk 0:11:44]} Qf4 {[%clk
0:40:07]} 29. Qxf4 {[%clk 0:11:32]} Bxf4 {[%clk 0:40:27]} 30. Bh4 {[%clk
0:11:47]} Bd2 {[%clk 0:38:01]} 31. Re2 {[%clk 0:05:35]} gxf5 {[%clk 0:37:34]} 32.
Rxf5 {[%clk 0:05:58]} c3 {[%clk 0:36:01]} 33. Kf1 {[%clk 0:02:51]} Rxe4 {[%clk
0:36:06]} 34. Rxe4 {[%clk 0:03:09]} c2 {[%clk 0:36:27]} 35. Rc4 {[%clk 0:03:33]}
c1Q+ {[%clk 0:36:45]} 36. Rxc1 {[%clk 0:03:58]} Bxc1 {[%clk 0:37:04]} 37. Rf2
{[%clk 0:03:32]} Re8 {[%clk 0:36:23]} 38. Rc2 {[%clk 0:03:30]} Bf4 {[%clk
0:36:39]} 39. Rc4 {[%clk 0:03:48]} Bd6 {[%clk 0:36:55]} 40. a5 {[%clk 0:03:53]}
Re5 {[%clk 0:32:49]} 41. Rc8+ {[%clk 0:03:47]} Kg7 {[%clk 0:32:48]} 42. Rd8
{[%clk 0:21:57]} Re7 {[%clk 1:01:51]} 43. Kg2 {[%clk 0:04:40]} Bc7 {[%clk
1:01:18]} 44. Rc8 {[%clk 0:01:16]} Bxa5 {[%clk 1:01:37]} 45. Kf3 {[%clk 0:00:43]}
Nb6 {[%clk 0:56:34]} 46. h6+ {[%clk 0:00:46]} Kg6 {[%clk 0:56:57]} 47. Rg8+
{[%clk 0:01:04]} Kh5 {[%clk 0:57:08]} 48. g6 {[%clk 0:01:15]} Kxh4 {[%clk
0:56:42]} 49. gxh7 {[%clk 0:01:30]} Bc3 {[%clk 0:56:23]} 50. Rg7 {[%clk 0:01:16]}
Re8 {[%clk 0:56:41]} 51. Rg8 {[%clk 0:01:15]} Ra8 {[%clk 0:56:52]} 52. d6 {[%clk
0:01:09]} Kh5 {[%clk 0:56:47]} 53. Rxa8 {[%clk 0:01:21]} Nxa8 {[%clk 0:57:08]}
1-0

[Event "8th Vellmar Chess Days"]
[Site "chess24.com"]
[Date "2016.07.30"]
[Round "5"]
[White "Pienski, Olaf"]
[Black "Eggenstein, Frank"]
[Result "0-1"]
[Board "7"]
[WhiteElo "2168"]
[WhiteCountry "GER"]
[WhiteFideId "4619544"]
[WhiteEloChange "-14"]
[BlackElo "2032"]
[BlackCountry "GER"]
[BlackFideId "4651278"]
[BlackEloChange "14"]

1. e4 {[%clk 1:30:48]} e6 {[%clk 1:30:51]} 2. d4 {[%clk 1:30:47]} d5 {[%clk
1:31:14]} 3. e5 {[%clk 1:30:12]} c5 {[%clk 1:31:35]} 4. c3 {[%clk 1:29:34]} Nc6
{[%clk 1:31:58]} 5. Nf3 {[%clk 1:29:32]} Bd7 {[%clk 1:32:18]} 6. Be3 {[%clk
1:26:35]} Qc7 {[%clk 1:29:03]} 7. Be2 {[%clk 1:19:52]} Nh6 {[%clk 1:23:39]} 8.
O-O {[%clk 1:18:02]} Nf5 {[%clk 1:22:59]} 9. a3 {[%clk 1:08:36]} c4 {[%clk
1:21:38]} 10. Nbd2 {[%clk 1:06:31]} Na5 {[%clk 1:20:24]} 11. h4 {[%clk 1:00:58]}
h6 {[%clk 1:19:12]} 12. Bf4 {[%clk 0:57:39]} Be7 {[%clk 1:17:22]} 13. h5 {[%clk
0:55:53]} Nh4 {[%clk 1:04:53]} 14. Nxh4 {[%clk 0:51:33]} Bxh4 {[%clk 1:03:50]}
15. Bh2 {[%clk 0:50:10]} Nb3 {[%clk 0:58:40]} 16. Nxb3 {[%clk 0:47:08]} Ba4
{[%clk 0:58:36]} 17. Qb1 {[%clk 0:40:09]} Bxb3 {[%clk 0:58:42]} 18. f4 {[%clk
0:39:42]} O-O-O {[%clk 0:50:41]} 19. f5 {[%clk 0:36:54]} Rdf8 {[%clk 0:50:31]}
20. Bg4 {[%clk 0:30:16]} Qe7 {[%clk 0:50:00]} 21. fxe6 {[%clk 0:17:23]} fxe6
{[%clk 0:49:37]} 22. Qg6 {[%clk 0:17:26]} Kd7 {[%clk 0:49:04]} 23. Bxe6+ {[%clk
0:13:50]} Qxe6 {[%clk 0:47:44]} 24. Qxg7+ {[%clk 0:13:47]} Be7 {[%clk 0:47:39]}
25. Rf6 {[%clk 0:08:18]} Rfg8 {[%clk 0:12:45]} 26. Qf7 {[%clk 0:08:05]} Qxf7
{[%clk 0:13:02]} 27. Rxf7 {[%clk 0:08:33]} Ke6 {[%clk 0:12:34]} 28. Rf2 {[%clk
0:07:35]} Rg5 {[%clk 0:10:24]} 29. Raf1 {[%clk 0:05:54]} Rxh5 {[%clk 0:09:37]}
30. Bf4 {[%clk 0:05:49]} Rf5 {[%clk 0:09:16]} 31. Kh2 {[%clk 0:04:38]} h5 {[%clk
0:07:45]} 32. g3 {[%clk 0:04:03]} Rhf8 {[%clk 0:07:15]} 33. Kg2 {[%clk 0:04:05]}
Ba4 {[%clk 0:07:05]} 34. Kf3 {[%clk 0:03:49]} h4 {[%clk 0:03:09]} 35. Kg4 {[%clk
0:03:58]} Rg8+ {[%clk 0:02:04]} 36. Kh3 {[%clk 0:04:23]} hxg3 {[%clk 0:02:19]}
37. Bxg3 {[%clk 0:04:50]} Rh5+ {[%clk 0:02:18]} 38. Kg2 {[%clk 0:05:12]} Rhg5
{[%clk 0:02:36]} 39. Rf3 {[%clk 0:05:30]} Bc2 {[%clk 0:02:41]} 40. Kf2 {[%clk
0:05:38]} Be4 {[%clk 0:02:48]} 0-1

[Event "8th Vellmar Chess Days"]
[Site "chess24.com"]
[Date "2016.07.30"]
[Round "5"]
[White "Daechert, Peter"]
[Black "Bollmann, Henrik"]
[Result "1/2-1/2"]
[Board "8"]
[WhiteElo "2016"]
[WhiteCountry "GER"]
[WhiteFideId "4686713"]
[WhiteEloChange "4"]
[BlackElo "2145"]
[BlackCountry "GER"]
[BlackFideId "24626007"]
[BlackEloChange "-4"]

1. b3 {[%clk 1:30:57]} Nf6 {[%clk 1:28:40]} 2. Bb2 {[%clk 1:31:20]} e6 {[%clk
1:28:32]} 3. e3 {[%clk 1:31:43]} Be7 {[%clk 1:27:17]} 4. f4 {[%clk 1:32:01]} b6
{[%clk 1:25:36]} 5. Nf3 {[%clk 1:31:20]} Bb7 {[%clk 1:25:59]} 6. Be2 {[%clk
1:31:37]} O-O {[%clk 1:22:12]} 7. O-O {[%clk 1:32:02]} c5 {[%clk 1:18:01]} 8. Qe1
{[%clk 1:32:20]} Ne8 {[%clk 1:15:02]} 9. Nc3 {[%clk 1:25:55]} f5 {[%clk 1:09:53]}
10. Kh1 {[%clk 1:21:45]} Nf6 {[%clk 1:03:09]} 11. Nd1 {[%clk 1:21:15]} Nc6 {[%clk
1:02:14]} 12. a3 {[%clk 1:18:22]} Rc8 {[%clk 0:57:10]} 13. Qg3 {[%clk 1:18:15]}
Qe8 {[%clk 0:53:18]} 14. Nh4 {[%clk 1:12:02]} Qf7 {[%clk 0:44:25]} 15. d3 {[%clk
1:09:15]} d5 {[%clk 0:41:39]} 16. Nf2 {[%clk 1:04:21]} d4 {[%clk 0:39:21]} 17. e4
{[%clk 1:03:48]} Nh5 {[%clk 0:37:43]} 18. Bxh5 {[%clk 1:01:15]} Qxh5 {[%clk
0:38:11]} 19. Nf3 {[%clk 1:01:32]} Bd6 {[%clk 0:34:40]} 20. Bc1 {[%clk 0:54:27]}
Rce8 {[%clk 0:32:06]} 21. e5 {[%clk 0:49:47]} Be7 {[%clk 0:33:03]} 22. Bd2 {[%clk
0:49:53]} Kh8 {[%clk 0:32:43]} 23. Qh3 {[%clk 0:49:18]} Qxh3 {[%clk 0:31:18]} 24.
Nxh3 {[%clk 0:49:43]} h6 {[%clk 0:30:23]} 25. Rae1 {[%clk 0:48:02]} Rc8 {[%clk
0:27:51]} 26. Re2 {[%clk 0:47:18]} Nd8 {[%clk 0:27:21]} 27. Nhg1 {[%clk 0:40:45]}
Bd5 {[%clk 0:23:56]} 28. h4 {[%clk 0:40:59]} Nc6 {[%clk 0:21:29]} 29. a4 {[%clk
0:40:14]} a6 {[%clk 0:21:25]} 30. Be1 {[%clk 0:40:39]} b5 {[%clk 0:21:04]} 31.
axb5 {[%clk 0:40:33]} axb5 {[%clk 0:21:33]} 32. Bf2 {[%clk 0:40:49]} Ra8 {[%clk
0:21:45]} 33. Rb1 {[%clk 0:40:10]} Ra3 {[%clk 0:18:06]} 34. Kh2 {[%clk 0:38:26]}
Rfa8 {[%clk 0:18:18]} 35. h5 {[%clk 0:37:33]} Ra1 {[%clk 0:13:49]} 36. Rbe1
{[%clk 0:34:58]} Rxe1 {[%clk 0:13:45]} 37. Nxe1 {[%clk 0:35:20]} Kg8 {[%clk
0:11:28]} 38. Kh3 {[%clk 0:34:24]} Nb4 {[%clk 0:08:55]} 39. g4 {[%clk 0:33:43]}
fxg4+ {[%clk 0:07:55]} 40. Kxg4 {[%clk 0:34:02]} Rf8 {[%clk 0:07:02]} 41. Ngf3
{[%clk 0:31:16]} Bc6 {[%clk 0:04:28]} 42. Bh4 {[%clk 0:29:36]} Bxh4 {[%clk
0:03:19]} 43. Nxh4 {[%clk 0:29:59]} Nd5 {[%clk 0:03:03]} 44. Neg2 {[%clk
0:29:17]} Ne7 {[%clk 0:30:43]} 45. Ng6 {[%clk 0:57:36]} 1/2-1/2